| 000 | 01112 a2200193 4500 | ||
|---|---|---|---|
| 020 | _a1840224312 (paperback) | ||
| 020 | _a9781840224313 (paperback) | ||
| 082 | 0 | 4 | _a822 |
| 090 |
_c4584 _d4584 |
||
| 100 | 1 | _aShakespeare, William. | |
| 245 | 1 | 4 |
_aThe merchant of venice / _cWilliam Shakespeare. |
| 260 |
_a[S.l.] : _bWordsworth Editions Ltd, _c1997. |
||
| 300 |
_a128 p. ; _c19 cm. |
||
| 490 | 1 | _aWordsworth classics. | |
| 520 | _aEdited, introduced and annotated by Cedric Watts, Professor of English Literature, University of Sussex The Merchant of Venice is one of Shakespeare's most popular comedies, but it remains deeply controversial. The text may well seem anti-Semitic; yet repeatedly, in performance, it has revealed a contrasting nature. Shylock, though vanquished in the law-court, often triumphs in the theatre. He is a character so intense that he can dominate the play, challenging abrasively its romantic and lyrical affirmations. | ||
| 830 | 0 | _aWordsworth classics. | |
| 856 | 4 | 0 |
_3Amazon.com _uhttp://www.amazon.com/exec/obidos/ASIN/1840224312/chopaconline-20 |
| 942 |
_aNBS _cBK _k822.3 SHA |
||
| 999 |
_c347026 _d347026 |
||